000 00779nab a2200241 u 4500
001 09291
003 HDC
007 cr bn ---aaaaa
008 210201b20132013my ||||| |||| 00| 0 may d
040 _aHDC
110 _aUtusan Malaysia
245 0 _aPerkhidmatan pembungkusan produk halal
_c/ Utusan Malaysia
260 _aMalaysia:
_bMedia Mulia,
_c2013
300 _a1 online resource
336 _atext
_2rdacontent
337 _acomputer
_2rdamedia
338 _aonline resource
_2rdacarrier
650 _aHalal industry
_zMalaysia
_9204
856 _zRequest full-text at [email protected]
942 _2lcc
942 _cNEWS
942 _kNWSC 002592
999 _c6614
_d6614